| 000 | 01498cad a22002655a 4500 | ||
|---|---|---|---|
| 001 | L137627 | ||
| 008 | 070420e20070410xxk f l f000 0 eng d | ||
| 020 | _a9780110767246 | ||
| 035 | _a(Sirsi) u137627 | ||
| 041 | 0 | _aeng | |
| 110 | 1 |
_aUnited Kingdom _kLaws, etc _95044 |
|
| 245 | 0 | 4 | _aThe Waste Management (Miscellaneous Provisions) (England and Wales) Regulations 2007 |
| 260 |
_aLondon _bOPSI _c2007 |
||
| 490 | 0 |
_aSI _v2007: 1156 |
|
| 520 | _aComes into force 2 May 2007. Amends the Waste Management Licensing Regulations 1994 Sched 3. Introduces limits to the draining of milk onto land. Provides an exemption permitting the disposal of pesticide into lined biobeds and the treatment of land with animal ashes. Limits an exemption regarding the disposal of plant tissue. Amends the Clean Air (Emission of Dark Smoke) (Exemption) Regulations 1969, removing an exemption concerning the burning of some pesticide containers. | ||
| 650 | 2 | 4 | _aWASTE MANAGEMENT LICENSING REGULATIONS 1994 |
| 650 | 2 | 4 | _aCLEAN AIR (EMISSION OF DARK SMOKE) (EXEMPTION) REGULATIONS 1969 |
| 650 | 2 | 4 | _aPLANT HEALTH (ENGLAND) ORDER 2005 |
| 650 | 2 | 4 | _aPLANT HEALTH (WALES) ORDER 2006 |
| 650 | 2 | 4 | _aWASTE MANAGEMENT (MISCELLANEOUS PROVISIONS) (ENGLAND AND WALES) REGULATIONS 2007 |
| 651 | 4 |
_aEngland and Wales _y1543- |
|
| 690 | _aENVIRONMENTAL AND LAND CONSULTANCY-WASTE MANAGEMENT | ||
| 856 | 4 | 0 |
_uhttps://www.opsi.gov.uk/si/si2007/20071156.htm _zView the SI free of charge at www.opsi.gov.uk... |
| 942 | _n0 | ||
| 999 |
_c106852 _d106852 |
||